000 00891nas a2200301 4500
001 BR0900976
003 BR-BrBNA
005 20231205113152.0
007 ta
008 230509b bl.|||p| |||| 00| 00por d
040 _aBR-BrBNA
_bpor
_cBiblioteca Nacional de Agricultura
041 _a(Pt)
072 _aF60
100 1 _aViana, S.B.A.
100 1 _aFernandes, P.D.
100 1 _aGheui, H.R.
100 1 _aSoares, F.A.L.
100 1 _aCarneiro, P.T.
245 1 _aÍndice morfofisiológicos e produção de alface sob stresse salino.
650 _aALFACE
650 _aPRODUÇÃO
650 _aSAL
650 _aMORFOLOGIA
650 _aFISIOLOGIA
773 0 _tAgriambi - Revista Brasileira de Engenharia Agrícola e Ambiental (Brazil)
_xISSN 1415-4366
_g(Jan-Apr 2004), v. 8(1) p. 23-30
_wBR0900976
909 _a202311
_bLúcia
_c55
_dLúcia Elande
942 _2AGRIS
_n0
_cANA
999 _c202246
_d202246